Trinidad en Tobago Trivia Quiz - Statistieken

Algemene statistieken
  • Deze quiz is 243 keer genomen
  • De gemiddelde score is 10 van 17
Antwoordstatistieken
Hint Antwoord % Correct
Officiële taal Engels
96%
Dichtstbijzijnde land op het vasteland Venezuela
92%
Zee die grenst aan Trinidad en Tobago Caribische zee
89%
Groep eilanden waar Trinidad en Tobago deel van uitmaken Kleine {Antillen}
86%
Munteenheid van Trinidad en Tobago Dollar
83%
Hoofdstad Port of Spain
81%
Eerste Europeaan die landde op het eiland Trinidad Christoffel Columbus
80%
Trinidadiaanse activiteit om erachter te komen 'hoe laag je kunt gaan' Limbo
74%
Belangrijkste exportproduct Natuurlijk gas
60%
147.000 mensen uit dit land werden tussen 1845 en 1917 als contractarbeiders naar Trinidad gebracht India
58%
Vrouwelijke rapper van 'Star ships' en 'Super Bass' Nicki Minaj
50%
Feestdag die net voor Aswoensdag wordt gevierd Carnaval
49%
Mythische stad waar Sir Walter Raleigh naar op zoek was toen hij in 1595 op Trinidad landde El Dorado
45%
Grootste stad van Tobago, genoemd naar een stad in Yorkshire met een beroemde kermis Scarborough
30%
Type trommel die origineel in Trinidad en Tobago wordt gebruikt voor calypso-muziek Steeldrum
24%
Trinidadiaanse cricketspeler die de enige viervoudige century heeft in de geschiedenis van het testcricket Brian Lara
20%
Meest bevolkte gemeente Chaguanas
20%
Geen overeenkomende quizzen gevonden
Scoreverdeling
Procent van Mensen met Elke Score
Percentiel versus Aantal Correcte Antwoorden
Uw Scoregeschiedenis
U heeft deze quiz nog niet genomen